00532nam a2200169Ia 4500008004100000040001900041041001200060082002200072245008400094260004500178300002800223504004100251650001600292651001600308700002800324850001000352131103s9999 xx 000 0 und d aLoreto College aEnglish a872.08/HARbLCLIB 3aAn Anthology of Roman Dramacedited with an introduction by Philip Whaley Harsh aNew YorkbHolt,Rinehartand Winstonc1960 axxviii,317 p. c 19 cm. aIncludes biblioggraphical references aRoman Drama aLatin Drama aHarsh,Philip Whaley,ed. aLCLIB